Goals and goal setting : achieving measured objectives
| Main Author: | |
|---|---|
| Format: | Book |
| Published: |
New Delhi :
Viva Books Private Ltd. ,
2004
|
| Series: | Fifty minute series book
|
| Subjects: |
MARC
| LEADER | 00000cam a2200000 7i4500 | ||
|---|---|---|---|
| 001 | 0000089607 | ||
| 005 | 20050310.0 | ||
| 020 | |a 8176495735 | ||
| 090 | 0 | 0 | |a 658.301 |b ROU |
| 100 | 1 | |a Rouillard, Larrie | |
| 245 | 1 | 0 | |a Goals and goal setting : |b achieving measured objectives |c Larrie Rouillard |
| 260 | |a New Delhi : |b Viva Books Private Ltd. , |c 2004 | ||
| 300 | |a 105p. ; |c 21cm. | ||
| 490 | 0 | |a Fifty minute series book | |
| 650 | 0 | 0 | |a Goal setting in personnel management |
| 999 | |a 00181142 |b BUKU |c PINJAMAN |e PERPUSTAKAAN KOMUNITI PETALING JAYA | ||